=LDR 00000nam 2200000 4500 =001 INLIS000000001052331 =005 20240826095240 =035 ##$$a 0010-0824000149 =007 ta =008 240826################a##########j###### =020 ##$$a 978-89-6329-638-8 =082 ##$$a 028.55 =084 ##$$a 028.55 SHI r =100 #$$a Shin Su-jin =245 1#$$a Roti bulan /$c Shin Su-jin =260 ##$$a Gyeonggi-do :$b Korea Tolstoi =300 ##$$a 31 hlm. : $b ilus. ; $c 26 cm =650 #4$$a Bacaan kanak-kanak =990 ##$$a 17181718